|
|
|
|
| LEADER |
01184nam a2200289 a 4500 |
| 001 |
GR-MES12866 |
| 008 |
070824s gr 000 0 gre d |
| 020 |
|
|
|a 1587991756
|
| 040 |
|
|
|a GrPaTEI
|b gre
|c GR-PaULI
|
| 040 |
|
|
|a GrPaTEI
|b gre
|c GR-PaULI
|
| 082 |
|
0 |
|a 658.403 8
|2 21
|
| 100 |
1 |
|
|a Meyer, Christopher
|
| 245 |
1 |
0 |
|a It' s alive :
|b The coming convergence of information, biology, and business /
|c Christopher Meyer and Stan Davis.
|
| 260 |
|
|
|a Australia :
|b Thomson,
|c c2003
|
| 300 |
|
|
|a ix
|a 274σ. :
|b εικ. ;
|c 24εκ.
|
| 504 |
|
|
|a Includes biblographical references and index.
|
| 650 |
|
0 |
|a Biology
|
| 650 |
|
0 |
|a Business cycles
|
| 650 |
|
4 |
|a Βιολογία
|
| 650 |
|
4 |
|a Επιχειρηματικοί κύκλοι
|
| 650 |
|
4 |
|a ΤΕΧΝΟΛΟΓΙΑ ΠΛΗΡΟΦΟΡΗΣΗΣ
|
| 653 |
|
|
|a Information technology--Economic aspects
|
| 700 |
1 |
|
|a Davis, Stan
|
| 942 |
|
|
|2 ddc
|
| 952 |
|
|
|0 0
|1 0
|2 ddc
|4 0
|6 658_403000000000000_8_MEY
|7 0
|9 271400
|a MSLG
|b MSLG
|c BSC
|d 2021-01-17
|e 24
|f 0
|g 0.00
|l 0
|o 658.403 8 MEY
|p 2420000022076
|r 2021-01-17 00:00:00
|t 1
|w 2021-01-17
|y BK15
|x 20070824 0 ΤΣΑΝΤΑΡΛΙΩΤΗ 1
|x GrPaTEI
|
| 971 |
|
|
|a .b25789132
|b 15-04-20
|c 13-09-16
|
| 999 |
|
|
|c 156767
|d 156767
|